000
00262nam a2200109Ia 4500
008
240625s9999 xx 000 0 und d
041
_a
eng
082
_a
808.20 SHA
100
_a
SHARMA PRERNA
245
_a
BRAND ARCHIVE CREATION DIGITAL PHYSICAL
260
_c
2013
999
_c
36843
_d
36843